Laura Ingalls Wilder's Little House books - Statistics

General Stats
  • This quiz has been taken 167 times
  • The average score is 7 of 10
Answer Stats
Hint Answer % Correct
The Ingalls family lived in Wisconsin Little House in the Big Woods
96%
The family moved to Kansas Little House on the Prairie
90%
Almanzo's childhood in New York Farmer Boy
87%
They lived in a dugout earth home in Minnesota On the Banks of Plum Creek
81%
Almanzo and Cap saved them from starving The Long Winter
81%
The courtship of Laura and Almanzo These Happy Golden Years
80%
Literary evenings and Laura gets her teaching certificate Little Town on the Prairie
70%
They moved to South Dakota By the Shores of Silver Lake
69%
Laura and Almanzo live on their own claim The First Four Years
57%
Laura, Almanzo, and Rose move to Missouri On the Way Home
27%
No matching quizzes found
Score Distribution
Percent of People with Each Score
Percentile by Number Answered
Your Score History
You have not taken this quiz